[Event "Kerteminde"]
[Site "Kerteminde"]
[Date "1991.??.??"]
[Round "4"]
[White "Hector, Jonny"]
[Black "Hansen, Lars Bo"]
[Result "1-0"]
[WhiteElo "2465"]
[BlackElo "2525"]
[Annotator "Blatny,P"]
[PlyCount "67"]
[EventDate "1991.02.??"]
[EventType "tourn"]
[EventRounds "9"]
[EventCountry "DEN"]
[EventCategory "10"]
[SourceTitle "CBM 023"]
[Source "ChessBase"]
[SourceDate "1991.08.01"]
[SourceVersion "1"]
[SourceVersionDate "1991.08.01"]
[SourceQuality "1"]

1. e4 {Hansen,Cu} c5 2. Nf3 Nc6 3. d4 cxd4 4. Nxd4 Nf6 5. Nc3 e5 6. Ndb5 d6 7.
Bg5 a6 8. Na3 b5 9. Bxf6 gxf6 10. Nd5 Bg7 {/\Ne7} (10... f5 11. Nxb5 $6 (11.
Bxb5 $5 axb5 12. Nxb5 Ra4 $1 (12... Qg5 13. Ndc7+ Kd8 14. Qd5 $1 Bb7 15. Qxf7
Qe7 16. Qxe7+ Bxe7 17. Nxa8 Bxa8 18. exf5 Rf8 (18... Rg8 19. Rg1 Bg5 20. Rd1
Ke7 21. c3 Rd8 22. h4 Bh6 23. f6+ Kxf6 24. Rxd6+ $16 {Tischbierek-Vodicka,
Decin 1979}) 19. O-O-O Kd7 20. c4 $1 $14) 13. c4 Qa5+ 14. b4 Rxb4 15. O-O Rxb5
16. cxb5 Nd4 17. Qh5 Bg7 18. Qg5 O-O 19. Ne7+ Kh8 20. exf5 h6 21. Qh5 Qd2 22.
Nxc8 Rxc8 $13) 11... axb5 12. Bxb5 Bb7 (12... Bd7 13. exf5 Bg7 (13... Qg5 14.
g4 Rb8 15. h4 Qd8 16. a4 Qa5+ 17. c3 Kd8 $1 $13 {Shamkovich-Fedorowicz,Lone
Pine 1980}) 14. a4 (14. Qg4 $6 Kf8 15. Qe4 Bxf5 $1 16. Qxf5 Nd4 17. Qd3 e4 18.
Qc4 Qa5+ 19. Nc3 Nxb5) 14... Nd4 (14... O-O 15. Ra3 $1) 15. Bxd7+ Qxd7 16. O-O
(16. Nb6 $6 Qc6 17. Nxa8 Nxc2+ 18. Ke2 Nxa1 19. Qxa1 Qe4+ $1 {/\Qa8}) (16. c3
Qxf5 17. cxd4 Qe4+ 18. Ne3 exd4 19. Qc2 Qxc2 20. Nxc2 d3 21. Ne3 Bxb2 22. Ra2
Bc3+ 23. Kd1 Ra5 $1 $10) 16... Qb7 $10) 13. exf5 (13. Nb4 $2 Qa5) 13... Ra5 14.
a4 Rxb5 $1 15. axb5 Nd4 16. Ne3 Rg8 $36) 11. c3 f5 12. Nxb5 $5 axb5 13. Bxb5
Bd7 14. exf5 Rb8 15. a4 O-O 16. Qf3 (16. Qg4 Kh8 17. O-O Rg8 18. Qe4 Bh6 $132 {
Stertenbrink-Muse,Germany 1986}) 16... f6 (16... Qg5 17. f6 Bh6) (16... e4 $5 {
Hansen,Cu}) 17. O-O Kh8 (17... Ne7 $5 {Hansen,Cu}) 18. b4 Re8 19. Rfd1 Ne7 20.
Bxd7 Qxd7 21. Nxe7 Rxe7 22. Qd5 Qxf5 23. a5 Qc8 24. b5 Rc7 25. b6 Rc6 (25...
Rxc3 26. a6 Rxb6 27. a7 $18) 26. Rdb1 Rc5 27. Qxd6 $18 Bf8 28. Qxf6+ Bg7 29.
Qd6 Rc6 30. Qxb8 $1 Qxb8 31. a6 Rc8 32. b7 Rf8 33. a7 Qd6 34. b8=Q 1-0

[Event "Buenos Aires Najdorf"]
[Site "Buenos Aires"]
[Date "1991.??.??"]
[Round "9"]
[White "Adams, Michael"]
[Black "Granda Zuniga, Julio E"]
[Result "0-1"]
[WhiteElo "2600"]
[BlackElo "2550"]
[Annotator "Blatny,P"]
[PlyCount "70"]
[EventDate "1991.04.??"]
[EventType "tourn"]
[EventRounds "13"]
[EventCountry "ARG"]
[EventCategory "11"]
[SourceTitle "CBM 024"]
[Source "ChessBase"]
[SourceDate "1991.10.01"]
[SourceVersion "1"]
[SourceVersionDate "1991.10.01"]
[SourceQuality "1"]

1. e4 c5 2. Nf3 Nc6 3. d4 cxd4 4. Nxd4 Nf6 5. Nc3 e5 6. Ndb5 d6 7. Bg5 a6 8.
Bxf6 gxf6 9. Na3 b5 10. Nd5 f5 (10... Bg7 11. Bd3 (11. c3 {-->
Ivanovic-Nikcevic CBM24}) 11... Ne7 12. Nxe7 Qxe7 13. c4 f5 14. O-O O-O 15. Qh5
(15. Re1 {--> Lau-Muse}) 15... bxc4 {--> Kunze-Muse} (15... Rb8 {-->
Vukcevic-Spasov})) 11. Bd3 Be6 12. c4 Qa5+ 13. Kf1 Nb4 (13... Bxd5 14. exd5 Nd4
15. cxb5 axb5 16. Nc2 Nxc2 17. Qxc2 e4 18. Qc6+ Ke7 19. Bxb5 Ra7 20. Qe8+ Kf6
21. g4 Re7 22. Qb8 Ke5 23. f4+ Kxf4 24. Ke2 Ke5 $17 {Ivanovic-Sveshnikov,
SFRJ-USSR 1976}) (13... b4 $2 14. exf5 Bxd5 15. cxd5 Qxd5 16. Nc4 Rg8 17. Ne3
Qd4 18. Rc1 $16 {Ljubojevic-van Riemsdyik, Riga (izt) 1979 --> ChessBase:
Interzonal tourn.}) (13... fxe4 14. Bxe4 Bg7 15. Rc1 (15. Qf3 Nd4 16. Qg3 Kf8
17. Rd1 Qd8 18. Ne3 Rc8 19. Nac2 bxc4 $17 {van Riemsdyik-Adorjan, Riga (izt)
1979}) 15... Rc8 16. cxb5 axb5 17. Nf6+ Ke7 18. Nh5 Bh6 19. Rxc6 Rxc6 20. Bxc6
Rc8 21. Qf3 Qd2 22. Qf6+ Kf8 23. Qh8+ {1/4:1/4 Makarychev-Razuvaev, USSR(ch)
1978}) 14. exf5 (14. Qe1 {--> Adams-Fedorowicz CBM24}) 14... Bxd5 15. cxd5 Nxd3
16. Qxd3 Rc8 17. Nc2 Bh6 18. Ne3 Qb4 19. Rb1 Bxe3 20. fxe3 Rg8 21. Kf2 Qg4 22.
g3 e4 23. Qe2 Qh3 24. Rbf1 Rg5 25. Ke1 Rxf5 26. Qd2 Rf3 27. Rhg1 Rc5 28. Rxf3
exf3 29. g4 Qh6 30. Rg3 Qg6 31. Qd1 Qe4 32. Rxf3 Rc2 $19 33. Rf2 Qh1+ 34. Rf1
Qxh2 35. Qd3 Rc1+ 0-1

[Event "Salamanca"]
[Site "Salamanca"]
[Date "1991.??.??"]
[Round "1"]
[White "Martin Gonzalez, Angel"]
[Black "San Segundo Carrillo, Pablo"]
[Result "1/2-1/2"]
[WhiteElo "2445"]
[BlackElo "2430"]
[Annotator "Blatny,P"]
[PlyCount "68"]
[EventDate "1991.04.??"]
[EventType "tourn"]
[EventRounds "11"]
[EventCountry "ESP"]
[EventCategory "10"]
[SourceTitle "CBM 023"]
[Source "ChessBase"]
[SourceDate "1991.08.01"]
[SourceVersion "1"]
[SourceVersionDate "1991.08.01"]
[SourceQuality "1"]

1. e4 c5 2. Nf3 e6 3. Nc3 Nc6 4. d4 cxd4 5. Nxd4 Nf6 6. Ndb5 d6 7. Bf4 e5 8.
Bg5 a6 9. Na3 b5 10. Bxf6 gxf6 11. Nd5 Bg7 12. c3 f5 13. exf5 Bxf5 14. Nc2 O-O
15. Nce3 Be6 16. Bd3 f5 17. Qh5 (17. Bc2 {/\Bb3}) 17... Qd7 (17... e4 18. Bc2
Ne7 19. Bb3 $1 Kh8 20. Nf4 Bxb3 21. axb3 Qd7 22. Rd1 $14 {Ghinda-Basman,Luzern
1985}) 18. g4 e4 19. Bc2 Bf7 20. Qh3 Bxd5 21. Nxd5 fxg4 22. Qh4 Qf5 23. O-O-O
Kh8 24. h3 Qxf2 25. hxg4 Qxh4 26. Rxh4 Rae8 27. g5 Re5 28. Nf4 Ne7 29. Rxd6
Rxg5 30. Bxe4 Be5 31. Ng6+ Nxg6 32. Rxg6 Rxg6 33. Bxg6 Bf4+ 34. Kc2 h6 1/2-1/2

[Event "Moscow ZSKS"]
[Site "Moscow"]
[Date "1992.??.??"]
[Round "?"]
[White "Varavin, Viktor"]
[Black "Cherniaev, Alexander"]
[Result "1-0"]
[WhiteElo "2465"]
[BlackElo "2400"]
[Annotator "Blatny,P"]
[PlyCount "54"]
[EventDate "1992.??.??"]
[EventType "tourn"]
[EventRounds "11"]
[EventCountry "RUS"]
[EventCategory "8"]
[SourceTitle "CBM 030"]
[Source "ChessBase"]
[SourceDate "1992.10.01"]
[SourceVersion "1"]
[SourceVersionDate "1992.10.01"]
[SourceQuality "1"]

1. e4 {Ernst} c5 2. Nf3 Nc6 3. d4 cxd4 4. Nxd4 Nf6 5. Nc3 e5 6. Ndb5 d6 7. Bg5
a6 8. Na3 b5 9. Bxf6 gxf6 10. Nd5 f5 11. Bd3 Be6 12. O-O Bg7 13. Qh5 f4 14. c4
bxc4 (14... b4 15. Nc2 a5 (15... Rb8 16. b3 (16. Rfd1 h6 17. Be2 O-O 18. c5 $1
{Gaprindashvili-Chiburdanidze, Picunda 1978}) (16. g3 Qd7 17. b3 (17. Qg5 $6
Kf8 18. Be2 h5 19. gxf4 Bh3 20. f5 Bh6 21. Qg3 Rg8 {Kengis-Gaidarov, Riga 1979}
22. Qxg8+ Kxg8 23. Nf6+ Kh8 $1 24. Nxd7 Rg8+ 25. Kh1 Bg2+ 26. Kg1 Bf3#) 17...
h6 18. f3 Qd8 19. Rfd1 a5 20. Bf1 O-O 21. Bh3 Qd7 22. Bf5 Ne7 23. g4 {+/-
Solomon-Antonio, Sydney 1991}) 16... h6 17. g3 a5 18. Rad1 Qg5 19. Be2 O-O 20.
Kh1 Qxh5 21. Bxh5 f5 22. Nc7 Bf7 23. Bxf7+ Rxf7 24. Nb5 $16 {
Chiburdanidze-Gaprindashvili, Picunda (m/3) 1978}) 16. b3 O-O 17. a3 bxa3 18.
Rxa3 Rb8 19. g3 Ne7 (19... Kh8 20. gxf4 exf4 21. e5 h6 22. Nxf4 Nxe5 23. Be2
$16 {Prandstetter-Timoshenko, Decin 1978}) 20. Nxe7+ Qxe7 21. Rb1 Rfc8 22. Rxa5
Bxc4 $6 23. Bxc4 Rxc4 24. bxc4 Rxb1+ 25. Kg2 Rb7 26. Qe2 f5 27. Rd5 Rb3 $2 28.
gxf4 exf4 29. Rxf5 $18 {Pinkas-Jakob, Bern 1992}) 15. Bxc4 O-O 16. Rac1 Rb8 17.
b3 Qa5 (17... Qd7 $142 18. Rfd1 Kh8 19. Qh4 Bxd5 20. Rxd5 Nb4 21. Rd2 f5 22.
exf5 d5 {Dvoiris-Gorelov, USSR 1984}) (17... Bxd5 18. Bxd5 Nb4 19. Rfd1 Nxa2
20. Rc6 Qe7 21. Nc4 Nb4 (21... Nc3 22. Nxd6 Nxd1 23. Qxd1 Kh8 24. Qg4 {
Klovans-Gurgenidze, USSR 1981}) 22. Rxd6 Nxd5 23. R6xd5 Rxb3 24. Nd6 $40 {
Wolff-Bronstein, Wijk aan Zee 1992}) 18. Nb1 Kh8 19. Rfd1 (19. Nbc3 {Ernst} f5
20. Ne7 $1 Nxe7 21. Bxe6 Rf6 22. exf5 e4 23. Qe2 d5 $16 {Estevez - Timosenko,
Managua 1988. 24.Dd2!.}) 19... Nd4 20. Nbc3 f5 (20... Rb7 {/\f5}) 21. Ne7 Bxc4
22. Ng6+ Kg8 23. Ne7+ (23. Nxf8 $2 {Ernst} Bf7 24. Qxh7+ Kxf8 $17) 23... Kh8
24. bxc4 (24. Ng6+ $10) 24... Rf6 25. Nxf5 Nxf5 26. exf5 Rg8 (26... e4 27. Nxe4
Rxf5 28. Qf3 $16) (26... Rbf8 {Ernst} 27. Qf3 Rxf5 28. Rxd6 $16) 27. Ne4 Rh6 (
27... Rff8 28. Nxd6 $18) (27... Rh6 28. Ng5 $18 (28. Nxd6 {Ernst} Rxh5 29. Nf7#
$18)) 1-0

[Event "CHN-CIS"]
[Site "Beijing"]
[Date "1991.??.??"]
[Round "?"]
[White "Wang, Zili"]
[Black "Chekhov, Valery A"]
[Result "1-0"]
[WhiteElo "2495"]
[BlackElo "2525"]
[Annotator "Blatny,P"]
[PlyCount "79"]
[EventDate "1991.??.??"]
[EventType "team"]
[EventRounds "9"]
[EventCountry "CHN"]
[SourceTitle "CBM 028"]
[Source "ChessBase"]
[SourceDate "1992.06.01"]
[SourceVersion "1"]
[SourceVersionDate "1992.06.01"]
[SourceQuality "1"]

1. e4 {Ernst} c5 (1... e6 2. d4 d5 3. Nc3 Bb4 4. e5 c5 5. a3 Ba5 6. b4 cxd4 7.
Qg4 Ne7 8. bxa5 dxc3 9. Qxg7 Rg8 10. Qxh7 Nbc6 11. Nf3 Qc7 12. Bf4 Bd7 13. Bg3
{N} (13. Bd3 {Hauptvariante} Nxa5 {N; war vielleicht auch hier geplant.} 14.
O-O Nc4 15. Nd4 O-O-O $10) 13... Nxa5 $1 14. Bd3 Nc4 15. O-O Nb2 {Eine
interessante Idee.} 16. Rfb1 Nxd3 17. Qxd3 Nf5 $15 18. Rb3 Rc8 19. Rab1 b5 20.
Rb4 Qc5 21. R1b3 a5 22. Rf4 Qc4 $3 23. Rxc4 dxc4 24. Qxc3 cxb3 25. Qxb3 Rg4 $17
{קc2, Bg3, Nf3} 26. h4 Rgc4 27. Qd3 (27. Ne1 Rc3) 27... Rxc2 28. h5 R8c4 29.
h6 $6 Nxh6 30. Qh7 Rc1+ 31. Kh2 Ng4+ 32. Kh3 Rh1+ 33. Nh2 Rxh2+ $1 {0-1 Wang
Zili-Lputian,S/PRC-CIS Beijing 1991}) 2. Nf3 Nc6 3. d4 cxd4 4. Nxd4 Nf6 5. Nc3
e5 6. Ndb5 d6 7. Bg5 a6 8. Na3 b5 9. Bxf6 gxf6 10. Nd5 f5 11. Bd3 Be6 12. Qh5 (
12. O-O Bg7 13. Qh5 f4 14. c4 bxc4 15. Bxc4 O-O 16. Rac1 Rb8 17. b3 Qa5 (17...
Qd7 {--> Solomon-Antonio, Sydney 1991 CBM23}) 18. Bd3 (18. Nb1 Kh8 (18... Qxa2
19. Nbc3 Qa5 20. Ra1 $16) 19. Nbc3 f5 20. Ne7 Nxe7 21. Bxe6 Rf6 22. exf5 e4
$132 {Estevez-Timoschenko, Managua 1988}) (18. Nc2 Qxa2 {Todorovic-Timoschenko,
Pula(op) 1988} 19. Qh4 {/\Nf6} h6 20. Nf6+ Bxf6 21. Qxf6 Bxc4 22. Qxh6 Bxf1 23.
Qg5+ $10) 18... Nb4 19. Nc4 Qxa2 (19... Qd8 20. Nxb4 Rxb4 21. Rfd1 Rb7 22. Be2
Rd7 23. Bg4 f5 24. Bf3 $14 {Horvath,Cs-Koivisto, Haifa 1989}) 20. Nxb4 Rxb4 21.
Ra1 Qxb3 22. Ra3 Bxc4 23. Rxb3 Bxb3 24. Bxa6 d5 25. exd5 Bxd5 {
Rubinchik-Charamat, corr 1991}) 12... Rg8 13. g3 (13. O-O f4 {/\Bg4 ->>>})
13... Rg5 (13... Rc8 14. c3 (14. Qxh7 Rg6 $44) 14... Rg6 {/\fe,Bg4} 15. Qf3
Bxd5 16. exd5 e4 17. Qxf5 Rg5 {Glek-Chekhov, USSR 1988} 18. Qf4 $1 exd3 19.
dxc6 Re5+ 20. Kf1 Qb6 21. Qf3 $14) (13... h6 14. c3 Bxd5 15. exd5 Ne7 16. O-O
Rg5 17. Qh3 Nxd5 18. Kh1 Qc8 19. f4 $132 {Riemarsma-Kouatly, Wijk II 1988}) (
13... Rg4 $1 {N Kramnik} 14. f3 (14. Qxh7 Nd4 $17) (14. h3 fxe4 15. hxg4 exd3
16. Ne3 d5 $36) (14. Ne3 fxe4 15. Nxg4 exd3 16. cxd3 Nd4 $17 {Shirov}) 14...
Rg6 15. f4 (15. Qh4 Qxh4 16. gxh4 Bxd5 17. exd5 Ne7 $19 {Brustman-Kramnik,
Gronigen(op) 1991}) 15... Rc8 $17) (13... Nd4 14. c3 fxe4 15. Bxe4 Bg4 16. Qxh7
(16. Qh4 Nf3+ 17. Bxf3 Qxh4 18. gxh4 Bxf3 $17) 16... Rg7 17. Qh6 $132 {
Klovans-Taborov, Kostroma 1985}) (13... f4 {Ernst} 14. gxf4 Bg4 15. Qxh7 Rg7
16. Qh8 Nd4 17. Kf1 $1 Rg6 $1 18. h3 $3 Rh6 19. hxg4 Rxh8 20. Rxh8 exf4 21. c3
Ne6 22. Nxb5 $1 $16 {Cs. Horvath - P. Horvath, Ungarn 1989.}) 14. Qxh7 (14. Qd1
{Ernst} Bxd5 15. exd5 Ne7 16. c3 Bg7 17. h4 Rg6 18. Nc2 e4 19. Be2 Qc7 20. a4
b4 $1 21. h5 Rh6 22. cxb4 {22.Sxb4 Lxc3!} Qb7 23. b5 Bxb2 24. Rb1 Bc3+ 25. Kf1
a5 $132 {Sideif-Zade - Yurtaev, Dnepropetrovsk 1980.}) 14... Bxd5 15. exd5 Ne7
16. O-O-O (16. Nxb5 e4 17. Be2 Qb6) (16. c3 Nxd5) 16... e4 17. Be2 Qb6 18. Kb1
(18. c3 Rg6) 18... Qxf2 (18... Rg6 $142 19. Qh4 (19. Qh8 {Ernst} b4 20. Nc4
Qxf2 $132) 19... Qxf2) 19. Nxb5 axb5 20. Bxb5+ Kd8 21. Qxf7 Kc7 22. c3 (22. Be8
Rg8 23. a4 $36) 22... Rg7 (22... Qc5 23. Be8) 23. Qe6 Rd8 24. a4 Rg6 25. Qf7
Qf3 (25... Qe3 26. Be8 Qh6 27. Rd4 Rf6 28. Qh5 Qxh5 29. Bxh5 Bg7 $15) 26. Be8
e3 27. Rhe1 (27. Qxf8 Qe4+ 28. Kc1 Rg8 $19) 27... Qe4+ 28. Ka1 Bg7 29. Rd3 $1
Bh6 (29... Qxd3 30. Qxe7+ Kc8 31. Bxg6 Bxc3 32. Qxe3 $18) (29... f4 30. gxf4 e2
31. Rd2 Bxc3 32. Rdxe2 Bxb2+ 33. Ka2 Qc4+ 34. Kb1 Qd3+ 35. Rc2+ $18) 30. Rd4
Qe5 31. Rc4+ Kb8 32. Rb4+ Kc7 (32... Kc8 33. Bb5 {/\Ba6 ->K}) (32... Ka7 33.
Bc6 Rg7 34. Qh5 Nxc6 35. dxc6 Qe6 36. Qh4 {->K}) 33. Bc6 Rg7 34. Qh5 Nxc6 35.
dxc6 Qe6 36. Qe2 Rb8 (36... d5 37. Qa6 Qxc6 38. Qa5+ Kc8 39. Rb6 $18) 37. Qa6
Rxb4 38. cxb4 d5 39. b5 Kd8 40. c7+ 1-0

[Event "URS-ch58"]
[Site "Moscow"]
[Date "1991.??.??"]
[Round "9"]
[White "Rublevsky, Sergei"]
[Black "Sveshnikov, Evgeny"]
[Result "1-0"]
[WhiteElo "2420"]
[BlackElo "2540"]
[Annotator "Blatny,P"]
[PlyCount "103"]
[EventDate "1991.11.??"]
[EventType "swiss"]
[EventRounds "11"]
[EventCountry "URS"]
[SourceTitle "URS-ch"]
[Source "ChessBase"]
[SourceDate "1999.07.01"]
[SourceVersion "1"]
[SourceVersionDate "1999.07.01"]
[SourceQuality "1"]

1. e4 c5 2. Nc3 Nc6 3. Nge2 Nf6 4. d4 cxd4 5. Nxd4 e5 6. Ndb5 d6 7. a4 a6 8.
Na3 Be6 9. Bc4 Be7 (9... Rc8 $5) 10. O-O Bxc4 (10... Rc8 $5) 11. Nxc4 Nxe4 12.
Nxe4 d5 13. Qg4 g6 14. Rd1 f5 15. Qg3 fxe4 16. Be3 d4 (16... Bf6 17. Nb6 {
/\Nd5-+}) 17. Nxe5 Bd6 $8 18. Nxc6 Bxg3 $8 (18... bxc6 19. Qg4 dxe3 20. Qe6+
Qe7 21. Rxd6 exf2+ 22. Kxf2 Rf8+ 23. Ke3 {_|_}) 19. Nxd8 dxe3 (19... Rxd8 20.
Bxd4 $18) 20. fxg3 (20. hxg3 exf2+ 21. Kxf2 Rxd8 22. Rxd8+ Kxd8 23. Rd1+ $18 {
_|_}) 20... Rxd8 21. Rxd8+ Kxd8 22. Re1 Kd7 23. Rxe3 Rc8 24. c3 Re8 (24... Rc4
25. b3 Rc6 26. c4 Re6 $16 {_|_}) 25. Kf2 {[+]} Kd6 26. Re1 {/\Ke3-d4} Kc5 {
/\Kc4-b3} 27. b3 Re6 {/\Rb6 קb3} 28. Ke3 Rb6 29. Rb1 (29. b4+ Kc4 $132) 29...
Kd5 (29... Re6 30. g4 Re5 (30... g5 31. Rf1 $18) 31. Rf1 $16) 30. a5 Rc6 31.
Rd1+ (31. c4+ Kc5 32. Kxe4 Re6+ 33. Kf3 Kb4) 31... Ke5 32. c4 {><d5} b5 (32...
Rc5 33. Rd7 Rxa5 34. Rxh7 Ra3 35. Re7+ Kd6 36. Rxb7 Ke5 37. h4 $18) (32... Rc7
33. Rd5+ Ke6 34. Kxe4 $18 {_|_}) 33. Rd5+ Ke6 34. cxb5 Rc1 (34... Kxd5 35. bxc6
Kxc6 36. Kxe4 Kb5 37. Kd5 Kb4 38. Kc6 Kxa5 39. Kc5 h6 (39... g5 40. g4 h6 41.
h3 h5 42. gxh5 g4 43. Kc4 $18) (39... h5 40. h4 g5 41. hxg5 h4 42. Kc4 $18) 40.
g4 g5 (40... h5 41. gxh5 gxh5 42. Kc4 $18) 41. h3 h5 42. gxh5 g4 43. Kc4 $18)
35. Rd2 {/\ab5 Ra2} Re1+ 36. Re2 Ra1 37. Kxe4 (37. bxa6 Rxa5 38. Kxe4 {-->
main line}) 37... Rxa5 38. bxa6 Rxa6 39. b4 Rb6 40. Rb2 Rb5 41. Kd4 Kd6 42. Kc4
Rh5 (42... Kc6 43. Rf2 {/\Rf6 +-}) 43. h3 (43. h4 g5 {/\ ><g3,g2}) 43... Re5
44. b5 Kc7 (44... Re7 45. Rd2+ Kc7 46. Kc5 Re5+ 47. Kb4 $18 (47. Rd5 Re2 48.
b6+ Kc8 49. Kc6 Rc2+ {/\Rg2})) 45. Rf2 h5 (45... Re7) 46. Rf7+ Kc8 47. Rg7 Re6
48. Kd5 Rb6 49. Ke5 (49. Kc5 Re6) 49... Kd8 50. Kf4 Ke8 51. Kg5 Rxb5+ 52. Kxg6
1-0

[Event "Buenos Aires Najdorf"]
[Site "Buenos Aires"]
[Date "1991.??.??"]
[Round "7"]
[White "Adams, Michael"]
[Black "Amura, Claudia Noemi"]
[Result "1-0"]
[WhiteElo "2600"]
[BlackElo "2405"]
[Annotator "Blatny,P"]
[PlyCount "89"]
[EventDate "1991.04.??"]
[EventType "tourn"]
[EventRounds "13"]
[EventCountry "ARG"]
[EventCategory "11"]
[SourceTitle "CBM 024"]
[Source "ChessBase"]
[SourceDate "1991.10.01"]
[SourceVersion "1"]
[SourceVersionDate "1991.10.01"]
[SourceQuality "1"]

1. e4 c5 2. Nf3 Nc6 3. d4 cxd4 4. Nxd4 Nf6 5. Nc3 e5 6. Ndb5 d6 7. Nd5 (7. Bg5
{--> Byrne-Conquest, Adams-Granda Zuniga CBM24}) 7... Nxd5 8. exd5 Ne7 (8...
Nb8 {--> Todorovic-Spasov CBM24} 9. c4 (9. Be3 Be7 10. Qd2 a6 11. Nc3 Nd7 12.
f4 f5 13. Bd3 O-O 14. O-O Qc7 {/\Nc5 =}) (9. a4 Be7 10. Be2 O-O 11. O-O f5 12.
a5 a6 13. Nc3 Nd7 14. Kh1 Kh8 15. f4 $10 {Ivanov,A-Dolmatov, USSR 1979}) (9.
Be2 a6 10. Nc3 Be7 11. a4 a5 $5 12. O-O O-O 13. f4 {/\f5} exf4 $1 14. Bxf4 Nd7
15. Nb5 g5 16. Bg3 f5 17. Nd4 Ne5 18. Kh1 Rf6 19. Be1 f4 $13 {
Kholmov-Gurgenidze, Saratov 1981}) 9... Be7 10. Be2 (10. Bd3 O-O 11. O-O a6 12.
Nc3 Nd7 13. Be3 Bg5 $1 (13... f5 14. f3 Bg5 (14... g5 $5) 15. Bf2 $1 {/\b4,Na4,
c4-c5 +/-})) 10... a6 11. Nc3 O-O 12. O-O f5 13. f4 Bf6 14. Qc2 Nd7 15. Kh1
exf4 $1 16. Bxf4 Be5 17. Bd3 g6 18. Rae1 b6 19. Ne2 Qf6 20. Qd2 Bxf4 21. Qxf4
Ne5 22. Qd4 Bd7 $1 $15 {Pablo-Andrianov, Barcelona-Moscow (m) 1982}) 9. c4 (9.
c3 {/\Qa4, ><d6} Nf5 $1 10. a4 Be7 11. Bd3 O-O 12. O-O Nh4 {/\f7-f5} 13. f4 $1
a6 14. Na3 f5 15. Nc4 Ng6 16. a5 $13 {Sveshnikov}) 9... Ng6 (9... g6 $4 10. Qa4
$1 $18) (9... Nf5 10. Bd3 Be7 11. O-O a6 12. Nc3 O-O 13. b4 Nh4 14. f4 exf4 15.
Bxf4 Ng6 16. Bxg6 hxg6 17. c5 dxc5 18. d6 Bf6 19. Nd5 cxb4 20. Rc1 {
Nunn-Wockenfuss, Haifa (ol) 1976} Be6 {=/+/=}) 10. Be2 (10. h4 a6 11. h5 axb5
12. hxg6 fxg6 13. cxb5 Be7 14. Bd3 Bf5 $10 {Speelman-Amman, Bern 1977}) (10.
Be3 a6 11. Nc3 Be7 12. f3 O-O 13. Bd3 Bg5 $10) (10. Qa4 Bd7 11. Qb4 Qb8 $6 (
11... Bf5 $10) 12. Be3 a6 (12... b6 13. h4 h5 14. g3 Be7 15. a4 Bg4 16. Bg2 O-O
17. O-O $14 {Westerinen-Barle, Esbjerg 1977}) 13. Nc3 f5 14. Na4 Qd8 15. Bb6
$14) (10. Bd3 Be7 11. O-O O-O 12. Be3 a6 13. Nc3 Bg5 $5 $13 {Sveshnikov}) 10...
Be7 11. O-O O-O 12. a3 a6 13. Nc3 f5 14. b4 Bg5 15. c5 Bxc1 16. Rxc1 Nf4 17.
Kh1 Rf6 18. g3 Rh6 19. c6 $1 Qg5 20. Bf3 e4 21. Bg2 Nd3 22. Rc2 Ne5 23. Kg1 Ng4
24. h3 Ne5 25. h4 $1 Qg6 26. Na4 b5 27. Nb6 Rb8 28. Qd4 Qg4 29. Rc3 g5 30. hxg5
Qxg5 31. Rfc1 Nf3+ 32. Bxf3 exf3 33. Re1 $1 (33. Rxf3 $4 Qh5 $19) 33... Qh5 34.
Qh4 Qxh4 35. gxh4 Kf7 (35... Rxb6 36. Re8+ Kf7 37. Rxc8 $18 {_|_}) (35... Rg6+
36. Kf1 {/\ Nxc8,Rxf3 +- _|_}) 36. Nxc8 Rxc8 37. Rxf3 $18 {_|_} Rxh4 38. Rxf5+
Kg6 39. Rf3 Rg4+ 40. Rg3 Rxg3+ 41. fxg3 Kf5 42. Kg2 h5 43. Kh3 Kg5 44. Re6 Rd8
45. Rxd6 1-0

[Event "New York Reshevsky"]
[Site "New York"]
[Date "1992.??.??"]
[Round "1"]
[White "Gurevich, Ilya"]
[Black "Granda Zuniga, Julio E"]
[Result "0-1"]
[WhiteElo "2510"]
[BlackElo "2565"]
[Annotator "Blatny,P"]
[PlyCount "80"]
[EventDate "1992.07.??"]
[EventType "tourn"]
[EventRounds "9"]
[EventCountry "USA"]
[EventCategory "12"]
[SourceTitle "CBM 031"]
[Source "ChessBase"]
[SourceDate "1992.12.01"]
[SourceVersion "1"]
[SourceVersionDate "1992.12.01"]
[SourceQuality "1"]

1. e4 {Granda Zuniga} c5 2. Nf3 Nc6 3. d4 cxd4 4. Nxd4 Nf6 5. Nc3 e5 6. Ndb5 d6
7. Bg5 a6 8. Na3 b5 9. Nd5 Qa5+ 10. Bd2 Qd8 11. Nxf6+ (11. Bg5 Qa5+ $10) 11...
Qxf6 12. Bd3 Qg6 13. O-O Be7 14. f4 $6 (14. c3 $142) (14. c3 $1 {Granda Zuniga}
) 14... exf4 15. e5 (15. Bxf4 Ne5 $15) 15... Bf5 16. Qf3 Rc8 17. Bxf5 Qxf5 18.
exd6 Bxd6 19. Rae1+ Be7 (19... Ne7 $6 20. Bxf4 (20. Qb7 $5 {/\Qxa6->}) 20...
Bc5+ (20... Bxf4 $6 21. Qxf4 Qc5+ 22. Qe3 Qxe3+ 23. Rxe3 {/\Rfe1+/-}) 21. Kh1 (
21. Be3 $2 Qxf3 22. Rxf3 Bxa3 $1 23. bxa3 O-O $17) 21... O-O 22. Re5 $36) 20.
Qxf4 Qxf4 21. Bxf4 O-O 22. Nb1 $8 Rfd8 23. c3 Rd3 24. Rf3 $2 (24. Nd2 g5 25.
Be3 Rxe3 26. Rxe3 Bc5 27. Rfe1 Re8 28. Kf2 Ne5 29. Kf1 $10) 24... Rxf3 25. gxf3
Rd8 26. Kf1 g5 27. Bg3 h5 28. Ke2 h4 29. Bf2 Ne5 $15 30. Rg1 Kh7 31. Be3 Re8
32. Bxg5 $2 (32. Nd2 f5) 32... Bc5 33. Rg2 f6 $1 34. Bc1 (34. Bxf6 Ng4+ $19)
34... h3 35. Rg3 Ng4+ 36. Kd2 (36. Kf1 $4 Nxh2#) (36. Kd3 Nf2+ 37. Kc2 Re2+ 38.
Bd2 Bd6 $19) 36... Nf2 37. c4 (37. Kc2 Re2+ 38. Bd2 Bd6 39. Rg1 Bxh2 40. Re1
Rxe1 41. Bxe1 Bg3 $19) 37... Bd6 $19 38. Rg1 Bxh2 39. Rf1 Bf4+ 40. Kc3 Be5+ {
/\h2-h1Q-+} 0-1